MARC

LEADER 00000nam0a2200000 4500
001 252134
005 20231101232724.0
035 |a (RuTPU)RU\TPU\book\274456 
035 |a RU\TPU\book\55227 
090 |a 252134 
100 |a 20140227d1975 m y0rusy50 ca 
101 1 |a rus  |c eng 
102 |a RU 
105 |a a j 001zy 
200 1 |a Статистическая механика  |e курс лекций  |e пер. с англ.  |f Р. Фейнман 
210 |a Москва  |c Мир  |d 1975 
215 |a 408 с. 
320 |a Предм. указатель: с. 402-404. 
320 |a Библиография в конце глав. 
606 1 |a Статистическая механика  |2 stltpush  |3 (RuTPU)RU\TPU\subj\56840  |9 74727 
610 1 |a твердое тело 
610 1 |a излучение 
610 1 |a теплоемкость 
610 1 |a газ Бозе-Эйнштейна 
610 1 |a газ Ферми-Дирака 
610 1 |a матрицы плотности 
610 1 |a функции Вигнера 
610 1 |a интегралы по траекториям 
610 1 |a вычисление 
610 1 |a N-частицы 
610 1 |a уравнение Борна-Грина 
610 1 |a одномерный газ 
610 1 |a порядок-беспорядок 
610 1 |a переход 
610 1 |a осцилляторы 
610 1 |a фононы 
610 1 |a гамильтонианы 
610 1 |a спиновые волны 
610 1 |a полярон 
610 1 |a проблема 
610 1 |a электронный газ 
610 1 |a металлы 
610 1 |a сверхпроводимость 
610 1 |a сверхтекучесть 
610 1 |a лекции 
675 |a 531.19(075.8)  |v 3 
700 1 |a Фейнман  |b Р. 
801 1 |a RU  |b 63413507  |c 20030605  |g PSBO 
801 2 |a RU  |b 63413507  |c 20210126  |g PSBO 
900 |a Электромеханика 
942 |c BK